[Event "Dhaka Walton op 07"]
[Site "Dhaka"]
[Date "2018.07.08"]
[Round "5"]
[White "Md, Mutakabbir"]
[Black "Sree Liton Chandra, Shill"]
[Result "1-0"]
[WhiteElo "1901"]
[BlackElo "1619"]
[PlyCount "117"]
[EventDate "2018.07.04"]
[EventType "swiss"]
[EventRounds "9"]
[EventCountry "BAN"]
[SourceTitle "EXT 2019"]
[Source "ChessBase"]
[SourceDate "2018.10.10"]
[SourceVersion "1"]
[SourceVersionDate "2018.10.10"]
[SourceQuality "1"]

1. e4 c5 2. Nf3 e6 3. d4 cxd4 4. Nxd4 a6 5. Bd3 Qc7 6. 0-0 Nf6 7. Be3 Be7 8. c4 d6 9. Nc3 b6 10. f4 Nbd7 11. f5 Ne5 12. fxe6 Bxe6 13. Nd5 Bxd5 14. exd5 Nxd3 15. Qxd3 0-0 16. h3 Nd7 17. b3 Bf6 18. Rae1 Be5 19. Kh1 Rae8 20. Nf3 Bg3 21. Re2 Ne5 22. Nxe5 Bxe5 23. Bg1 g6 24. Qf3 f5 25. Qf2 Rb8 26. Rfe1 Rfe8 27. Bh2 Re7 28. Qf3 Rbe8 29. Qd3 Bxh2 30. Kxh2 a5 31. Kg3 Kf7 32. h4 Rxe2 33. Rxe2 Rxe2 34. Qxe2 Qe7 35. Qf2 Qe4 36. Kh2 Qg4 37. g3 h6 38. Qxb6 Qe2+ 39. Kg1 Qe1+ 40. Kg2 Qe4+ 41. Kf1 Qh1+ 42. Qg1 Qf3+ 43. Qf2 Qh1+ 44. Ke2 Qe4+ 45. Kd2 g5 46. hxg5 hxg5 47. Qe3 Qg2+ 48. Kd3 Qxa2 49. Qe6+ Kg7 50. Qe7+ Kg6 51. Qxd6+ Kh5 52. Qb8 Qb1+ 53. Kd4 Qg1+ 54. Kd3 Qb1+ 55. Ke3 Kg4 56. d6 Qg1+ 57. Kd2 Qxg3 58. c5 Qf2+ 59. Kd3 1-0